[Event "ENG-ch Schools Final"]
[Site "Staffordshire"]
[Date "2022.06.30"]
[Round "1.3"]
[White "Wang, Susie"]
[Black "Omoruyi, Jaden"]
[Result "1-0"]
[WhiteElo "1515"]
[BlackElo "1414"]
[PlyCount "97"]
[EventDate "2022.06.30"]
[EventType "swiss"]
[EventRounds "5"]
[EventCountry "ENG"]
[SourceTitle "EXT 2023"]
[Source "ChessBase"]
[SourceDate "2022.10.05"]
[SourceVersion "1"]
[SourceVersionDate "2022.10.05"]
[SourceQuality "1"]

1. e4 e6 2. d4 d5 3. Nc3 Nf6 4. e5 Nfd7 5. Nce2 Be7 6. f4 c5 7. c3 Nc6 8. Nf3 b6 9. Be3 Nf8 10. Nc1 c4 11. b3 b5 12. a4 Qa5 13. Na2 Ba6 14. axb5 Bxb5 15. bxc4 dxc4 16. Nb4 Qc7 17. Nxc6 Qxc6 18. Be2 Nd7 19. 0-0 0-0 20. Ng5 h6 21. Bf3 Qc7 22. Bxa8 Rxa8 23. Ne4 Bc6 24. Nd2 Nb6 25. Nb1 Be4 26. Qg4 Qc6 27. Nd2 Bd3 28. Rfc1 Nd5 29. Bf2 Qb6 30. Nf3 Qb2 31. Be1 Ba3 32. Nh4 Qb3 33. Rd1 Bb2 34. f5 exf5 35. Nxf5 Bxf5 36. Qxf5 Bxa1 37. Rxa1 Qb6 38. Rb1 Qc7 39. e6 Nb6 40. Bg3 Qb7 41. Re1 fxe6 42. Rxe6 Rf8 43. Qe5 Nd5 44. h3 Rf7 45. Re8+ Kh7 46. Qe4+ g6 47. Be5 Nf6 48. Bxf6 Qxe4 49. Rh8# 1-0